Pinjar (Record no. 134816)
[ view plain ]
| 000 -LEADER | |
|---|---|
| fixed length control field | 01385nam a2200241Ia 4500 |
| 003 - CONTROL NUMBER IDENTIFIER | |
| control field | OSt |
| 005 - DATE AND TIME OF LATEST TRANSACTION | |
| control field | 20251117112148.0 |
| 008 - FIXED-LENGTH DATA ELEMENTS--GENERAL INFORMATION | |
| fixed length control field | 210210b2006 xxu||||| |||| 00| 0 eng d |
| 040 ## - CATALOGING SOURCE | |
| Transcribing agency | AL |
| 041 ## - LANGUAGE CODE | |
| Language code of text/sound track or separate title | Kannada |
| 082 ## - DEWEY DECIMAL CLASSIFICATION NUMBER | |
| Classification number | K894.3 AMRP |
| 100 ## - MAIN ENTRY--PERSONAL NAME | |
| Personal name | AMRATA PRITAM |
| Dates associated with a name | ಅಮೃತಾ ಪ್ರೀತಮ್ |
| 9 (RLIN) | 245870 |
| 245 ## - TITLE STATEMENT | |
| Title | Pinjar |
| Remainder of title | ಪಿಂಜರ್ |
| 260 ## - PUBLICATION, DISTRIBUTION, ETC. | |
| Place of publication, distribution, etc. | Bengaluru |
| Name of publisher, distributor, etc. | Ankita Prakashana |
| Date of publication, distribution, etc. | 2006 |
| 300 ## - PHYSICAL DESCRIPTION | |
| Extent | 102 |
| 520 ## - SUMMARY, ETC. | |
| Summary, etc. | ಅಮೃತಾ ಪ್ರೀತಮ್ ಅವರ ಖ್ಯಾತ ಕಾದಂಬರಿ 'ಪಿಂಜರ್'ಅನ್ನು ಎಲ್ ಸಿ. ಸುಮಿತ್ರಾ ಅವರು ಅದೇ ಶೀರ್ಷಿಕೆಯಡಿ ಕನ್ನಡಕ್ಕೆ ಅನುವಾದಿಸಿದ್ದಾರೆ. 1947ರ ದೇಶವಿಭಜನೆಯ ಸಂದರ್ಭದಲ್ಲಿ ಹಾಗೂ ಸ್ವಾತಂತ್ಯ್ರೋತ್ತರದ ಪಂಜಾಬಿನಲ್ಲಿ ಹಿಂದೂ ಮುಸ್ಲಿಂರ ದ್ವೇಷದ ದಳ್ಳುರಿಯಲ್ಲಿ ಉರಿದು ಅಸ್ಥಿಪಂಜರಗಳಾದ ಸ್ತ್ರೀಯರ ಬದುಕಿನ ಚಿತ್ರಣ ‘ಪಿಂಜರ್’. |
| 650 ## - SUBJECT ADDED ENTRY--TOPICAL TERM | |
| Topical term or geographic name entry element | Pinjar |
| 9 (RLIN) | 245871 |
| 650 ## - SUBJECT ADDED ENTRY--TOPICAL TERM | |
| Topical term or geographic name entry element | Kadambari |
| 9 (RLIN) | 245872 |
| 690 ## - LOCAL SUBJECT ADDED ENTRY--TOPICAL TERM (OCLC, RLIN) | |
| Topical term or geographic name as entry element | Kannada Fiction |
| 9 (RLIN) | 245873 |
| 700 ## - ADDED ENTRY--PERSONAL NAME | |
| Personal name | Sumitra L C |
| Dates associated with a name | ಎಲ್ ಸಿ. ಸುಮಿತ್ರಾ tr |
| 9 (RLIN) | 245874 |
| 906 ## - LOCAL DATA ELEMENT F, LDF (RLIN) | |
| a | 063166 |
| 942 ## - ADDED ENTRY ELEMENTS (KOHA) | |
| Source of classification or shelving scheme | Dewey Decimal Classification |
| Koha item type | Book |
| Withdrawn status | Lost status | Source of classification or shelving scheme | Damaged status | Not for loan | Collection code | Home library | Current library | Shelving location | Date acquired | Source of acquisition | Cost, normal purchase price | Total Checkouts | Full call number | Barcode | Date last seen | Date last checked out | Price effective from | Koha item type |
|---|---|---|---|---|---|---|---|---|---|---|---|---|---|---|---|---|---|---|
| Dewey Decimal Classification | Kannada | St Aloysius Library | St Aloysius Library | 02/17/2021 | Athree book centre | 50.00 | 1 | K894.3 AMRP | 063166 | 03/20/2023 | 03/10/2023 | 02/17/2021 | Book |